|
|
|
|
| LEADER |
00964naa a2200325 a 4500 |
| 001 |
000050821 |
| 003 |
SVKKK |
| 005 |
20041214091603.0 |
| 008 |
041214c2002 xo e slo |
| FMT |
|
|
|
| 038 |
|
|
|a SVKKK
|
| 040 |
|
|
|a SVKKK
|b slo
|e AACR2
|
| 041 |
0 |
|
|a slo
|
| 044 |
|
|
|a xo
|c SK
|
| 080 |
|
|
|a 502.31
|2 1997
|
| 090 |
|
|
|a V.211680
|
| 100 |
1 |
|
|a Tajták, Ladislav
|4 aut
|
| 245 |
1 |
0 |
|a Influence of geographical environment on historical development of the eastern Slovakia =
|b Vplyv geografického prostredia na historický vývin východného Slovenska
|c Ladislav Tajták
|
| 504 |
|
|
|a Bibliogr. odkazy
|
| 650 |
0 |
4 |
|a pomery prírodné
|x vplyvy
|
| 651 |
|
4 |
|a východné Slovensko
|x dejiny
|
| 773 |
0 |
|
|t Geotur 2002
|d Košice : Technická univerzita, Fakulta BERG, Katedra Geopropagácie, 2002
|z 80-7099-892-X
|g S. 53-57
|
| 957 |
|
|
|a 7
|
| 957 |
|
|
|a 8
|
| 958 |
|
|
|a NB
|
| 974 |
|
|
|a Čr
|
| 992 |
|
|
|a RZB
|
| BAS |
|
|
|
| 852 |
|
|
|a SVKKK
|b BIB
|
| 998 |
|
|
|a REG
|